Taylor Swift - Tous les mashups des Surprise Songs du Eras Tour - Statistiques

Statistiques générales
  • Ce quiz a été pris 55 fois
  • Le résultat moyen est 25 sur 137
Statistiques - réponses
Hint Instru Réponse % Correct
Buenos Aires, Argentine (11 novembre) 🎸 Is It Over Now? & Out of the Woods
65%
Paris, France (10 mai) 🎸 Is It Over Now? & Out Of The Woods
65%
Lyon, France (2 juin) | Singapour, Singapour (7 mars) 🎹 Fifteen & You're On Your Own, Kid
59%
Vancouver (8 décembre) 🎹 Long Live, New Year's Day & The Manuscript
56%
Edinburgh, Ecosse (9 juin) | Sydney, Australie (25 février) 🎹 Haunted & exile
53%
Lisbonne, Portugal (25 mai) 🎹 You're On Your Own, Kid & Long Live
50%
Lyon, France (3 juin) 🎸 Glitch & Everything Has Changed
47%
Cardiff, Pays-de-Galles (18 juin) 🎹 I Hate It Here & the lakes
47%
Lyon, France (2 juin) 🎸 The Prophecy & Long Story Short
44%
Paris, France (12 mai) 🎹 Begin Again & Paris
38%
Melbourne, Australie (17 février) 🎸 Getaway Car, august & The Other Side of the Door
38%
Varsovie, Pologne (2 août) 🎹 Red & Maroon
38%
Toronto, Canada (22 novembre) 🎹 Cassandra, mad woman & I Did Something Bad
35%
Londres, Angleterre (20 août) 🎸 Death By a Thousand Cuts & Getaway Car
35%
Milan, Italie (14 juillet) 🎹 Getaway Car & Out Of The Woods
35%
Paris, France (12 mai) 🎸 The Alchemy & Treacherous
35%
Liverpool, Angleterre (13 juin) 🎹 Cornelia Street & Maroon
29%
Amsterdam, Pays-Bas (5 juillet) 🎸 Imgonnagetyouback & Dress
29%
Amsterdam, Pays-Bas (6 juillet) 🎹 Mary's Song, So High School & Everything Has Changed
29%
Edinburgh, Ecosse (8 juin) 🎸 The Bolter & Getaway Car
29%
Nouvelle-Orléans, LA (27 octobre) 🎸 Espresso, Is It Over Now? & Please Please Please avec Sabrina Carpenter
26%
Londres, Angleterre (15 août) 🎸 Everything Has Changed, End Game & Thinking Out Loud avec Ed Sheeran
26%
Singapour, Singapour (8 mars) 🎹 False God & "Slut!"
26%
Londres, Angleterre (15 août) 🎹 King of My Heart & The Alchemy
26%
Londres, Angleterre (19 août) 🎸 Long Live & Change
26%
Geisankirchen, Allemagne (17 juillet) 🎹 "Slut!" & False God
26%
Londres, Angleterre (22 juin) 🎸 thanK you aIMee & Mean
26%
Edinburgh, Ecosse (8 juin) 🎹 All Of The Girls You Loved Before & Crazier
24%
Vancouver (8 décembre) 🎸 A Place in This World & New Romantics
24%
Amsterdam, Pays-Bas (4 juillet) 🎹 The Archer & Question...?
24%
Liverpool, Angleterre (13 juin) 🎸 I Can See You & Mine
24%
Vancouver (7 décembre) 🎸 I Love You, I'm Sorry & Last Kiss avec Gracie Abrams
24%
Dublin, Irlande (29 juin) 🎹 This Love & Ours
24%
Edinburgh, Ecosse (7 juin) 🎸 Would've Could've Should've & I Know Places
24%
Londres, Angleterre (21 juin) 🎸 Hits Different & Death By a Thousand Cuts
21%
Nouvelle-Orléans, LA (28 octobre) 🎹 How You Get The Girl & Clean
21%
Sydney, Australie (25 février) 🎸 Is It Over Now? & I Wish You Would
21%
Stockholm, Suède (17 mai) 🎸 I Think He Knows & Gorgeous
21%
Edinburgh, Ecosse (9 juin) 🎸 It's Nice To Have a Friend & dorothea
21%
Stockholm, Suède (19 mai) 🎸 Message In A Bottle, How You Get The Girl & New Romantics
21%
Londres, Angleterre (23 juin) 🎹 Out of the Woods, Is It Over Now? & Clean
21%
Varsovie, Pologne (3 août) 🎹 The Black Dog & exile
21%
Londres, Angleterre (21 juin) 🎹 The Black Dog, Come Back... Be Here & Maroon
21%
Liverpool, Angleterre (14 juin) 🎹 The Great War & You're Losing Me
21%
Lisbonne, Portugal (25 mai) 🎸 The Tortured Poets Department & Now That We Don't Talk
21%
Liverpool, Angleterre (15 juin) 🎸 Carolina & No Body, No Crime
18%
Singapour, Singapour (2 mars) 🎹 I Don't Wanna Live Forever & Dress
18%
Cardiff, Pays-de-Galles (18 juin) 🎸 I Forgot That You Existed & This Is Why We Can't Have Nice Things
18%
Singapour, Singapour (2 mars) 🎸 Mine & Starlight
18%
Vancouver (6 décembre) 🎹 Never Grow Up & The Best Day
18%
Geisankirchen, Allemagne (19 juillet) 🎸 Paper Rings & Stay Stay Stay
18%
Toronto, Canada (16 novembre) 🎸 us. & Out of the Woods avec Gracie Abrams
18%
Sydney, Australie (23 février) 🎹 White Horse & Coney Island avec Sabrina Carpentar
18%
Zürich, Suisse (10 juillet) 🎸 Closure & A Perfectly Good Heart
15%
Lisbonne, Portugal (24 mai) 🎸 Come Back... Be Here, The Way I Loved You & The Other Side Of The Door
15%
Zürich, Suisse (10 juillet) 🎹 Robin & Never Grow Up
15%
Amsterdam, Pays-Bas (5 juillet) 🎹 You Are In Love & cowboy like me
15%
Sydney, Australie (26 février) 🎹 Forever & Always & Maroon
15%
Milan, Italie (14 juillet) 🎸 Mr. Perfectly Fine & Red
15%
Sydney, Australie (24 février) 🎸 New Year’s Day & peace
15%
Stockholm, Suède (18 mai) 🎹 Say Don't Go, Welcome to New York & Clean
15%
Sydney, Australie (24 février) 🎹 Should’ve Said No & You’re Not Sorry
15%
Singapour, Singapour (8 mars) 🎸 Sparks Fly & Gold Rush
15%
Toronto, Canada (23 novembre) 🎸 Sparks Fly & Message in a Bottle
15%
Milan, Italie (13 juillet) 🎸 the 1 & Wonderland
15%
Liverpool, Angleterre (15 juin) 🎹 The Manuscript & Red
15%
Indianapolis, IN (3 novembre) 🎸 The Prophecy & This Love
15%
Singapour, Singapour (4 mars) 🎹 This Love & Call It What You Want
15%
Edinburgh, Ecosse (7 juin) 🎹 'Tis The Damn Season & Daylight
15%
Sydney, Australie (26 février) 🎸 Would've Could've Should've & Ivy
15%
Toronto, Canada (23 novembre) 🎹 You're Losing Me & How Did It End?
15%
Dublin, Irlande (30 juin) 🎸 Clara Bow & The Lucky One
12%
Indianapolis, IN (4 novembre) 🎸 Cornelia Street & The Bolter
12%
Munich, Allemagne (27 juillet) 🎸 Fresh Out The Slammer & You Are In Love
12%
Amsterdam, Pays-Bas (4 juillet) 🎸 Guilty as Sin? & Untouchable
12%
Munich, Allemagne (28 juillet) 🎹 loml & Don't You
12%
Singapour, Singapour (3 mars) 🎸 long story short & The Story Of Us
12%
Singapour, Singapour (9 mars) 🎹 mirrorball & epiphany
12%
Toronto, Canada (14 novembre) 🎸 My Boy Only Breaks His Favorite Toys & This is Why We Can't Have Nice Things
12%
Madrid, Espagne (31 mai) 🎸 Our Song & Jump Then Fall
12%
Zürich, Suisse (9 juillet) 🎸 Right Where You Left Me & All You Had To Do Was Stay
12%
Madrid, Espagne (30 mai) 🎸 Sparks Fly & I Can Fix Him (No Really I Can)
12%
Dublin, Irlande (28 juin) 🎸 State of Grace & You're On Your Own, Kid
12%
Varsovie, Pologne (1 août) 🎹 Suburban Legends & New Year's Day
12%
Dublin, Irlande (28 juin) 🎹 Sweet Nothing & hoax
12%
Londres, Angleterre (19 août) 🎹 The Archer & You’re On Your Own, Kid
12%
Vancouver (7 décembre) 🎹 The Tortured Poets Department & Maroon
12%
Liverpool, Angleterre (14 juin) 🎸 This Is What You Came For & Gold Rush
12%
Singapour, Singapour (9 mars) 🎸 Tim McGraw & cowboy like me
12%
Nouvelle-Orléans, LA (28 octobre) 🎸 Afterglow & Dress
9%
Singapour, Singapour (3 mars) 🎹 Clean & Evermore
9%
Singapour, Singapour (4 mars) 🎸 Foolish One & Tell Me Why
9%
Lisbonne, Portugal (24 mai) 🎹 Fresh Out The Slammer & High Infidelity
9%
Milan, Italie (13 juillet) 🎹 I Almost Do & The Moment I Knew
9%
Munich, Allemagne (28 juillet) 🎸 I Don't Wanna Live Forever & Imgonnagetyouback
9%
Madrid, Espagne (30 mai) 🎹 I Look In People's Windows & Snow On The Beach
9%
Geisankirchen, Allemagne (19 juillet) 🎹 It's Time To Go & Better Man
9%
Munich, Allemagne (27 juillet) 🎹 Ivy & Call It What You Want
9%
Indianapolis, IN (3 novembre) 🎹 Maroon & Cowboy Like Me
9%
Varsovie, Pologne (1 août) 🎸 mirrorball & Clara Bow
9%
Toronto, Canada (21 novembre) 🎸 Mr. Perfectly Fine & Better Than Revenge
9%
Hamburg, Allemagne (24 juillet) 🎹 Nothing New & Dear Reader
9%
Miami, FL (20 octobre) 🎸 Should've Said No & I Did Something Bad
9%
Geisankirchen, Allemagne (17 juillet) 🎸 Superstar & invisible string
9%
Amsterdam, Pays-Bas (6 juillet) 🎸 Sweeter Than Fiction & Holy Ground
9%
Indianapolis, IN (2 novembre) 🎸 The Albatross & Holy Ground
9%
Nouvelle-Orléans, LA (26 octobre) 🎹 The Black Dog & Haunted
9%
Hamburg, Allemagne (24 juillet) 🎸 the last great american dynasty & Run
9%
Geisankirchen, Allemagne (18 juillet) 🎹 this is me trying & Labyrinth
9%
Hamburg, Allemagne (23 juillet) 🎹 We Were Happy & happiness
9%
Indianapolis, IN (2 novembre) 🎹 Cold as You & exile
6%
Singapour, Singapour (7 mars) 🎸 Death By a Thousand Cuts & Babe
6%
Toronto, Canada (15 novembre) 🎹 evermore & Peter
6%
Toronto, Canada (14 novembre) 🎹 False God & 'tis the damn season
6%
Vancouver (6 décembre) 🎸 Haunted & Wonderland
6%
Varsovie, Pologne (2 août) 🎸 I Can Fix Him (No Really I Can) & I Can See You
6%
Zürich, Suisse (9 juillet) 🎹 Last Kiss & Sad Beautiful Tragic
6%
Miami, FL (20 octobre) 🎹 loml & White Horse
6%
Nouvelle-Orléans, LA (26 octobre) 🎸 Our Song & Call It What You Want
6%
Geisankirchen, Allemagne (18 juillet) 🎸 Speak Now & Hey Stephen
6%
Hamburg, Allemagne (23 juillet) 🎸 Teardrops On My Guitar & The Last Time
6%
Dublin, Irlande (29 juin) 🎸 The Albatross & Dancing With Our Hands Tied
6%
Miami, FL (19 octobre) 🎹 this is me trying & Daylight
6%
Miami, FL (19 octobre) 🎸 Tim McGraw & Timeless
6%
Varsovie, Pologne (3 août) 🎸 Today Was a Fairytale & I Think He Knows
6%
Londres, Angleterre (16 août) 🎹 Dear John & Sad Beautiful Tragic
3%
Indianapolis, IN (4 novembre) 🎹 Death by a Thousand Cuts & The Great War
3%
Nouvelle-Orléans, LA (27 octobre) 🎹 Hits Different & Welcome to New York
3%
Toronto, Canada (15 novembre) 🎸 I Don’t Wanna Live Forever & Mine
3%
Miami, FL (21 octobre) 🎹 mirroball & Guilty as Sin?
3%
Londres, Angleterre (17 août) 🎹 My Boy Only Breaks His Favorite Toys & Coney Island
3%
Toronto, Canada (22 novembre) 🎸 Ours & the last great american dynasty
3%
Toronto, Canada (21 novembre) 🎹 State of Grace & Labyrinth
3%
Toronto, Canada (16 novembre) 🎹 You're on Your Own, Kid & long story short
3%
Miami, FL (21 octobre) 🎸 Out of the Woods & All You Had To Do Was Stay
0%
Aucun quiz correspondant
Distribution des résultats
% des personnes avec chaque résultat
Percentile par nombre de réponses
Votre historique - résultats
Vous n’avez pas pris ce quiz